ID - Herpes Viruses - Statistics

General Stats
  • This quiz has been taken 21 times
  • The average score is 7 of 16
Answer Stats
Strain Abbr. Associated Conditions % Correct
HSV-1
90%
HSV-2
80%
EBV
70%
VZV
70%
human herpes virus 3 VZV chicken-pox, shingles
60%
HCMV
60%
human herpes virus 4 EBV mononucleosis, oral hairy leukoplakia, Hodgkin's lymphoma, Burkitt's lymphoma
60%
human herpes virus 2 HSV-2 herpes genitalis, herpetic whitlow (adults)
50%
human herpes virus 1 HSV-1 herpes labialis, gingivostomatitis, keratitis, conjunctivitis, herpetic whitlow (kids)
40%
HHV-6
20%
HHV-7
20%
HHV-8
20%
human herpes virus 8 HHV-8 kaposi sarcoma
20%
human herpes virus 6 HHV-6 exanthema subitum (roseola)
10%
human herpes virus 5 HCMV congenital cytomegalovirus
0%
human herpes virus 7 HHV-7 exanthema subitum (roseola)
0%
No matching quizzes found
Score Distribution
Percent of People with Each Score
Percentile by Number Answered
Your Score History
You have not taken this quiz